Statistics for Manchester United Champions League XIs

Click here to take the quiz!

General Stats

  • This quiz has been taken 1,018 times
    (918 since last reset)
  • The average score is 51 of 87

Answer Stats

Player% Correct
David de Gea
97%
Cristiano Ronaldo
96%
Edwin van der Sar
94%
Marcus Rashford
92%
Wayne Rooney
92%
Rio Ferdinand
90%
Harry Maguire
89%
Paul Scholes
88%
Luke Shaw
87%
Nemanja Vidić
87%
Ryan Giggs
86%
Peter Schmeichel
84%
Bruno Fernandes
83%
Patrice Evra
81%
Phil Neville
81%
Victor Lindelöf
81%
Aaron Wan-Bissaka
80%
Anthony Martial
80%
David Beckham
80%
Gary Neville
80%
Michael Carrick
79%
Scott McTominay
78%
Fred
76%
Robin van Persie
76%
Phil Jones
75%
Raphaël Varane
75%
Ruud van Nistelrooy
75%
Paul Pogba
74%
Andy Cole
73%
Roy Keane
72%
Nani
71%
Dwight Yorke
69%
Antonio Valencia
68%
Chris Smalling
67%
Éric Cantona
67%
Fabien Barthez
65%
Juan Mata
65%
Ji-sung Park
64%
Ole Gunnar Solskjær
64%
Romelu Lukaku
64%
Jadon Sancho
63%
Jaap Stam
62%
Teddy Sheringham
62%
John O'Shea
61%
Wes Brown
61%
Ashley Young
60%
Darren Fletcher
59%
Jonny Evans
57%
Anderson
56%
Nemanja Matić
55%
Nicky Butt
55%
Denis Irwin
52%
Ander Herrera
51%
Jesse Lingard
51%
Marcos Rojo
49%
Steve Bruce
47%
Daley Blind
46%
Mark Hughes
45%
Danny Welbeck
43%
Javier Hernández
43%
Juan Sebastián Verón
43%
Matteo Darmian
43%
Tim Howard
43%
Bastian Schweinsteiger
41%
Mikaël Silvestre
41%
Tom Cleverley
41%
Gary Pallister
40%
Laurent Blanc
37%
Paul Ince
37%
Gabriel Heinze
34%
Ronny Johnsen
33%
Shinji Kagawa
33%
Memphis Depay
32%
Alan Smith
30%
Andrei Kanchelskis
30%
Rafael da Silva
29%
Bryan Robson
28%
Fábio da Silva
28%
Roy Carroll
28%
Alex Telles
27%
Paul Parker
25%
David May
24%
Henning Berg
24%
Jesper Blomqvist
24%
Lee Sharpe
24%
Raimond van der Gouw
19%
Quinton Fortune
18%

Score Distribution

Percentile by Number Answered

Percent of People with Each Score

Your Score History

You have not taken this quiz since the last reset